000 00870nam a2200217Ia 4500
999 _c40107
_d40107
001 6713
003 GE_BSU
005 20191211122727.0
008 181216s1972||||g |||||||||||||| ||geo||
040 _cGE_BSU
041 _ageo
080 _a821.353.1-1 გ-30
100 _aგელოვანი, მირზა.
_95783
245 _aთეთრი მიწა :
_bომის ლირიკა /
_cმირზა გელოვანი ; რედ. დავით ციგორიშვილი.
264 _aთბილისი :
_bსაბჭ.საქართველო,
_c1972.
300 _a324 გვ. :
_bფოტო ;
_c17 სმ.
653 _aთეთრი მიწა
653 _aომის ლირიკა
700 _aსულაკაური, არჩილ
_eრედაქტორი
_95579
942 _cBK
_2udc